000 00262nam a22000977a 4500
999 _c8434
_d8434
008 180116b ||||| |||| 00| 0 eng d
020 _a9788182965355
100 _94834
_aPANDEY V.K ET AL
245 _aINFORMATION TECHNOLOGY-VII,VIII
260 _aNEW DELHI
_bARYA
_c2017